Eastern Utah Libraries Catalog: Duchesne, Heber, Roosevelt, & Vernal

Our Incredible Library Book and the Wonderful Journeys It Took (Record no. 383159)

MARC details
000 -LEADER
fixed length control field 00615nam a22001815 4500
001 - CONTROL NUMBER
control field BK0030115628
005 - DATE AND TIME OF LATEST TRANSACTION
control field 20230421160529.0
008 - FIXED-LENGTH DATA ELEMENTS--GENERAL INFORMATION
fixed length control field 230405s2023 xx 000 1 eng d
020 ## - INTERNATIONAL STANDARD BOOK NUMBER
International Standard Book Number 9781782507413 : HRD
Terms of availability 17.95
020 ## - INTERNATIONAL STANDARD BOOK NUMBER
International Standard Book Number 1782507418 : HRD
Terms of availability 17.95
037 ## - SOURCE OF ACQUISITION
Source of stock number/acquisition Consortium Book Sales & Dist, C/O Ips Jackson 210 American Dr, Jackson, TN, USA, 38301-5070
Note SAN 631-8630
050 ## - LIBRARY OF CONGRESS CALL NUMBER
Classification number PZ
082 ## - DEWEY DECIMAL CLASSIFICATION NUMBER
Classification number E
092 ## - LOCALLY ASSIGNED DEWEY CALL NUMBER (OCLC)
Classification number E
100 ## - MAIN ENTRY--PERSONAL NAME
Personal name Crowe, Caroline/ Joseph, John (ILT)
9 (RLIN) 6465951
245 00 - TITLE STATEMENT
Title Our Incredible Library Book and the Wonderful Journeys It Took
264 #1 - Production, Publication, Distribution, Manufacture, and Copyright Notice.
Name of producer, publisher, distributor, manufacturer Consortium Book Sales & Dist
Date of production, publication, distribution, manufacture, or copyr 2023
Holdings
Withdrawn status Lost status Source of classification or shelving scheme Damaged status Not for loan Collection code Home library Current library Shelving location Date acquired Source of acquisition Total Checkouts Total Renewals Full call number Barcode Date last seen Date checked out Cost, replacement price Price effective from Koha item type
    Dewey Decimal Classification     Children Picture Books Wasatch County Library Wasatch County Library Main Floor Childrens Area 07/05/2023 Micromarketing 5 3 E Crowe 34301002002386 01/02/2026 12/19/2025 17.95 07/05/2023 BOOK
This project was made possible through a grant from the Institute of Museum and Library Service administered by the Utah State Library Division.

Wasatch County Library

  • 465 East 1200 South, Heber City, Utah 84032
  • Phone 435-654-1511 | Fax 435-654-6456

Hours

  • Monday - Friday 9:30 AM - 8:00 PM
  • Saturday 9:30 AM - 1:30 PM
  • Closed Sundays and Holidays